Química de los compuestos orgánicos /

Guardado en:
Autor Principal: Noller, Carl R.
Formato: Libro
Publicado: Buenos Aires : Medico-quirurgica, 1968
Edición:2a. ed.
Materias:
Etiquetas: Agregar Etiqueta
Sin Etiquetas, Sea el primero en etiquetar este registro!
LEADER 00521nam a22001935a 4500
001 CEM.cems004670
005 20060217000000.0
008 130507s1968##################000#0#####d
003 CEMS
082 0 4 |a 547 
100 1 |a Noller, Carl R. 
245 1 0 |a Química de los compuestos orgánicos / 
250 |a 2a. ed. 
260 |a Buenos Aires :  |b Medico-quirurgica,  |c 1968 
300 |a 1317 p. 
653 |a Caucho 
653 |a Química 
653 |a Química organica 
859 |a CEMS  |b BIB. CEMS - 11 de abril  |h 547  |i N722a2  |p 9269.82  |t Ej.1